000
00438nam a2200181Ia 4500
008
090124s9999 xx 000 0 und d
082
_b
125921
100
_a
राजे शैलजा
245
_a
बंधन
250
_a
2
260
_c
1994
300
_a
160
600
_a
राजे शैलजा
630
_a
बंधन
700
_a
राजे शैलजा
730
_a
बंधन
942
_c
BOOK
999
_c
172011
_d
172011